000 00513nam a2200193 a 4500
001 1766566526680
003 YourLibrary
005 20251226115017.0
008 251224s2004##################000#0#eng##
020 _a9780415284721
082 0 4 _a271.302
_bGOF
100 1 _aGoff, Jacques Le,
_eauthor.
245 1 0 _aSaint Francis of Assisi :
260 _bPsychology Press,
_c2004.
300 _a208 pages
650 0 _aBiography & Autobiography.
942 _cENGLISH
040 _aYourLibrary
_beng
_cYourLibrary
999 _c604583
_d604583